Biggest Trading Partners - Trinidad and Tobago - Statistics

General Stats
  • This quiz has been taken 39 times
  • The average score is 17 of 21
Answer Stats
Exports Imports Country % Correct
2.66 bil 3.92 bil United States
100%
380 mil 716 mil China
97%
191 mil 119 mil France
97%
113 mil 199 mil United Kingdom
97%
210 mil 389 mil Brazil
93%
177 mil 188 mil Germany
90%
149 mil India
90%
398 mil Italy
90%
176 mil 147 mil Mexico
90%
240 mil Canada
86%
242 mil Japan
86%
216 mil 151 mil Spain
83%
302 mil 189 mil Netherlands
79%
256 mil South Korea
79%
354 mil Belgium
69%
225 mil Jamaica
69%
373 mil Guyana
62%
186 mil Turkey
62%
182 mil Barbados
59%
166 mil 131 mil Thailand
48%
319 mil Morocco
45%
No matching quizzes found
Score Distribution
Percent of People with Each Score
Percentile by Number Answered
Your Score History
You have not taken this quiz